Rock Bands/Artists By Song Titles Quiz - Statistics

General Stats
  • This quiz has been taken 118 times
  • The average score is 26 of 45
Answer Stats
Hint Answer % Correct
Bohemian Rhapsody Queen
97%
Thunderstruck AC/DC
89%
Livin' On A Prayer Bon Jovi
88%
Enter Sandman Metallica
86%
Smoke On The Water Deep Purple
84%
Stairway to Heaven Led Zeppelin
83%
Hotel California Eagles
82%
Come Together The Beatles
79%
House of the Rising Sun The Animals
77%
Sultans Of Swing Dire Straits
76%
Paradise City Guns N' Roses
76%
Dream On Aerosmith
75%
Should I Stay or Should I Go The Clash
73%
School's Out Alice Cooper
71%
Free Bird Lynyrd Skynyrd
71%
La Grange ZZ Top
71%
Pour Some Sugar On Me Def Leppard
68%
All Along the Watchtower Jimi Hendrix
68%
Barracuda Heart
66%
Message In A Bottle The Police
66%
Hot for Teacher Van Halen
64%
Wish You Were Here Pink Floyd
63%
Black Hole Sun Soundgarden
63%
More Than a Feeling Boston
60%
Kickstart My Heart Motley Crue
60%
Gimme Shelter The Rolling Stones
60%
Detroit Rock City Kiss
58%
Have You Ever Seen The Rain Creedence Clearwater Revival
57%
The Boys Are Back In Town Thin Lizzy
55%
I Wanna Rock Twisted Sister
51%
Here I Go Again Whitesnake
51%
Love Shack The B-52's
47%
Sunshine Of Your Love Cream
45%
Behind Blue Eyes The Who
42%
My Sharona The Knack
41%
Cherry Pie Warrant
29%
Listen to the Music The Doobie Brothers
28%
No One Like You Scorpions
27%
Renegade (1978) Styx
25%
Burnin' for You Blue Oyster Cult
20%
Slow Ride Foghat
18%
The Stroke Billy Squier
17%
Pride and Joy Stevie Ray Vaughan
16%
Cliffs of Dover Eric Johnson
9%
Midnight Rider Allman Brothers Band
5%
No matching quizzes found
Score Distribution
Percent of People with Each Score
Percentile by Number Answered
Your Score History
You have not taken this quiz